书目信息 |
| 题名: |
图解A/D转换器入门
|
|
| 作者: | 米山寿一 著 ;徐秋泉 , 程朝安 , 赵忠林 译 | |
| 分册: | ||
| 出版信息: | 北京 电子工业出版社 1988 |
|
| 页数: | 216页 | |
| 开本: | 19cm | |
| 丛书名: | ||
| 单 册: | ||
| 中图分类: | TP335 | |
| 科图分类: | ||
| 主题词: | 电子数字计算机 | |
| 电子资源: | ||
| ISBN: | 7-5053-0252-3 | |
| 000 | 00715nam0 2200229 45 | |
| 001 | 0405200939 | |
| 005 | 20040520092256.7 | |
| 010 | @a7-5053-0252-3@dCNY2.15 | |
| 100 | @a20040520d1988 km y0chiy0120 ea | |
| 101 | 0 | @achi@cjpn |
| 105 | @a z 000yy | |
| 200 | 1 | @a图解A/D转换器入门@ATu Jie A/D Zhuan Huan Qi Ru Men@f(日)米山寿一著@F(Ri)Mi Shan Shou Yi Zhu@g徐秋泉,程朝安,赵忠林译 |
| 210 | @a北京@c电子工业出版社@d1988 | |
| 215 | @a216页@d19cm | |
| 606 | 0 | @a电子数字计算机 |
| 690 | @aTP335@v3 | |
| 701 | 0 | @a米山寿一@4著 |
| 702 | 0 | @a徐秋泉@AXu Qiu Quan@4译 |
| 702 | 0 | @a程朝安@ACheng Chao An@4译 |
| 702 | 0 | @a赵忠林@AZhao Zhong Lin@4译 |
| 801 | @aCN@bTSTCL@c20040520 | |
| 905 | @f2@b216612-613@dTP335@e47 | |
| 图解A/D转换器入门/(日)米山寿一著/徐秋泉,程朝安,赵忠林译.-北京:电子工业出版社,1988 |
| 216页;19cm |
| ISBN 7-5053-0252-3:CNY2.15 |
| ● |
| 相关链接 |
|
|
|
|
正题名:图解A/D转换器入门
索取号:TP335/47
 
预约/预借
| 序号 | 登录号 | 条形码 | 馆藏地/架位号 | 状态 | 备注 |
| 1 | 0216612 | 001635733 | 第三借阅区/ [索取号:TP335/47] | 在馆 | |
| 2 | 0216613 | 001635500 | 第三借阅区/ [索取号:TP335/47] | 在馆 | |
| 3 | 0216614 | 001635519 | 第二样本阅览室/ [索取号:TP335/47] | 在馆 |